ИИС для контроля параметров ФМ в натурных условиях; Информационно-измерительная техника и технологии
| Parent link: | Информационно-измерительная техника и технологии.— 2014.— [С. 188-193] |
|---|---|
| مؤلف مشترك: | |
| مؤلفون آخرون: | , , , |
| الملخص: | Заглавие с экрана В статье рассматривается система контроля работы фотоэлектрического модуля в натурных испытаниях. Особое внимание уделено измерению вольтамперной характеристики. Приведены результаты работы данной системы. Сделан вывод о работоспособности фотоэлектрического модуля в условиях г. Томска. The article considers the monitoring system for photovoltaic module working under natural conditions. Particular attention is paid to the measurement of current-voltage characteristic. The results of the monitoring system's application are shown. The conclusion is made about operability of photovoltaic module in conditions of the city of Tomsk. |
| اللغة: | الروسية |
| منشور في: |
2014
|
| الموضوعات: | |
| الوصول للمادة أونلاين: | http://earchive.tpu.ru/handle/11683/23362 http://www.lib.tpu.ru/fulltext/c/2014/C18/032.pdf |
| التنسيق: | MixedMaterials الكتروني فصل الكتاب |
| KOHA link: | https://koha.lib.tpu.ru/cgi-bin/koha/opac-detail.pl?biblionumber=613942 |
MARC
| LEADER | 00000naa2a2200000 4500 | ||
|---|---|---|---|
| 001 | 613942 | ||
| 005 | 20240223064750.0 | ||
| 035 | |a (RuTPU)RU\TPU\conf\12100 | ||
| 035 | |a RU\TPU\conf\12098 | ||
| 090 | |a 613942 | ||
| 100 | |a 20150903d2014 k y0rusy50 ca | ||
| 101 | 0 | |a rus | |
| 102 | |a RU | ||
| 105 | |a y z 100zy | ||
| 135 | |a drgn ---uucaa | ||
| 181 | 0 | |a i | |
| 182 | 0 | |a b | |
| 200 | 1 | |a ИИС для контроля параметров ФМ в натурных условиях |d Information measuring system for monitoring the parameters of the PV module under natural conditions |f А. В. Юрченко, А. В. Козлов, А. В. Охорзина, М. Н. Акулова | |
| 203 | |a Текст |c электронный | ||
| 215 | |a 1 файл (504 Кб) | ||
| 300 | |a Заглавие с экрана | ||
| 320 | |a [Библиогр.: с. 193 (4 назв.)] | ||
| 330 | |a В статье рассматривается система контроля работы фотоэлектрического модуля в натурных испытаниях. Особое внимание уделено измерению вольтамперной характеристики. Приведены результаты работы данной системы. Сделан вывод о работоспособности фотоэлектрического модуля в условиях г. Томска. | ||
| 330 | |a The article considers the monitoring system for photovoltaic module working under natural conditions. Particular attention is paid to the measurement of current-voltage characteristic. The results of the monitoring system's application are shown. The conclusion is made about operability of photovoltaic module in conditions of the city of Tomsk. | ||
| 337 | |a Adobe Reader | ||
| 463 | 1 | |0 (RuTPU)RU\TPU\conf\11900 |t Информационно-измерительная техника и технологии |o материалы V научно-практической конференции, Томск, 19-23 мая 2014 г. |f Национальный исследовательский Томский политехнический университет (ТПУ) ; под ред. А. В. Юрченко |v [С. 188-193] |d 2014 | |
| 510 | 1 | |a Information measuring system for monitoring the parameters of the PV module under natural conditions |z eng | |
| 610 | 1 | |a электронный ресурс | |
| 610 | 1 | |a труды учёных ТПУ | |
| 610 | 1 | |a фотоэлектрические модули | |
| 610 | 1 | |a вольтамперные характеристики | |
| 610 | 1 | |a климатические факторы | |
| 701 | 1 | |a Юрченко |b А. В. |c физик |c профессор Томского политехнического университета, доктор технических наук |f 1974- |g Алексей Васильевич |y Томск |3 (RuTPU)RU\TPU\pers\25599 |9 11528 | |
| 701 | 1 | |a Козлов |b А. В. |c специалист в области неразрушающего контроля |c доцент Томского политехнического университета |f 1978- |g Артем Владимирович |3 (RuTPU)RU\TPU\pers\30261 | |
| 701 | 1 | |a Охорзина |b А. В. | |
| 701 | 1 | |a Акулова |b М. Н. | |
| 712 | 0 | 2 | |a Национальный исследовательский Томский политехнический университет (ТПУ) |b Институт неразрушающего контроля (ИНК) |b Кафедра физических методов и приборов контроля качества (ФМПК) |3 (RuTPU)RU\TPU\col\18709 |
| 801 | 1 | |a RU |b 63413507 |c 20101016 | |
| 801 | 2 | |a RU |b 63413507 |c 20210514 |g RCR | |
| 856 | 4 | |u http://earchive.tpu.ru/handle/11683/23362 | |
| 856 | 4 | |u http://www.lib.tpu.ru/fulltext/c/2014/C18/032.pdf | |
| 942 | |c BK | ||